MDQL
is popping MORE tags! Check the
thread
!
Quizzes
Events
Quiz Creation
Community
Videos
Private Events
Remove Ads
Sign In
Join for FREE
Feedback
Dark Mode
Quiz Categories
Sports
Geography
Music
Movies
Television
Just For Fun
Miscellaneous
History
Literature
Language
Science
Gaming
Entertainment
Religion
Holiday
For Kids
Quiz Lab
Recent
Popular Today
Quiz Kudos Today
Editor Picks
Curator Picks
Quizzes by...
Day
Popularity
Type
Ratings
Length
Year
Community
Subscriptions
Recent Discussions
Orange Saloon
Badges
Playlists
Quests
Create
Leaderboards
Showdown
Live 5
Trivia Bingo
Activity
Puzzle Library
Sporcle Events
Private Events
Virtual Trivia
Globe League
Become a Host
Pub Owners
SporcleCon
Opinionation
Our Games
Videos
Blog
Mobile Apps
Partnerships
Remove Ads and Go Orange
Feedback
Movies
Disney
Marvel Cinematic Universe
Movie Resume
Movie Titles
Oscar
Actor
Actress
Director
Pixar
Role
Movie Quotes
Movie Characters
Box Office
Nominee
Best Picture
Star Wars
James Bond
Horror Movies
Movies
Disney
Marvel Cinematic Universe
Movie Resume
Movie Titles
Oscar
Actor
Actress
Director
Pixar
Role
Movie Quotes
Movie Characters
Box Office
Nominee
Best Picture
Star Wars
James Bond
Horror Movies
Random Quiz
Search Sporcle
×
Curator Pick
Curator Pick
Movies
Movie Resume
Type in answers that appear in a list
Type in answers that appear in a list
Classic
Best Score? Go Orange.
Naomi Watts Movies Stats
Can you name the Naomi Watts Movies?
By
JoyceHeinen
8m
44 Questions
567 Plays
567 Plays
567 Plays
Comments
Comments
Give Quiz Kudos
Give Quiz Kudos
-
- Ratings
hide this ad
Replay
Link that replays current quiz
Next Quiz
Link to next quiz in quiz playlist
You Got
0%
They Got
Avg Score
24%
Avg Friend Score
Upgrade to see
Score Distribution
Jump to the score distribution portion of the page
Score
0/44
Timer
08:00
0
Plays Today
Year
Movie
% Correct
2005
King Kong
84.3%
2001
Mulholland Dr
72.8%
2012
The Impossible
71.1%
2002
The Ring
68.6%
2003
21 Grams
63.3%
2005
The Ring 2
61.6%
2013
Diana
56.6%
2014
St. Vincent
49.6%
2014
Birdman
46.1%
2013
Movie 43
42.1%
2006
The Painted Veil
38.1%
2010
Fair Game
38.1%
2003
Le Divorce
35.3%
2007
Eastern Promises
35.3%
2009
The International
34.6%
2004
I Heart Huckabees
34.2%
1995
Tank Girl
32.6%
2001
Ellie Parker
31.7%
2007
Funny Games
30.5%
1991
Flirting
24.9%
2011
J. Edgar
24.7%
2013
Two Mothers
24.6%
Year
Movie
% Correct
2010
You Will Meet a Tall Dark Stranger
24%
2009
Mother and Child
22.9%
2004
We Don't Live Here Anymore
22%
2003
Ned Kelly
21.2%
2005
Stay
20.6%
2011
Dream House
19.2%
2013
Sunlight Jr.
18.9%
2004
The Assassination of Richard Nixon
16%
2001
Down
10.8%
1993
Matinee
10.1%
1998
Dangerous Beauty
10.1%
1999
Strange Planet
9.7%
2002
Rabbits
9.2%
1997
Under the Lighthouse Dancing
8.5%
1986
For Love Alone
8.3%
1996
Persons Unknown
8.3%
2001
Never Date an Actress
8.1%
2002
Plots with a View
7.4%
1993
Gross Misconduct
7.1%
1993
The Custodian
6%
1998
A House Divided
5.6%
1993
Wild Sargasso Sea
4.8%
Quiz Playlist
Details
Report
Send in Message
Add To Playlist
Classic:
Type in answers that appear in a list
Last Updated: Feb 16, 2017
Curator Pick in
Movie Resume
Quiz Scoreboard
CHALLENGE
Sign Up to Join the Scoreboard
Show All
Scores
Hide
Comments
May contain spoilers
Recently Published
5x2 Blitz: Bands
by SL_Kpop136
Music
30s
Colored Red Africa Blitz
by spor1
Geography
30s
Find the 'City' Movie
by crazypaving
Movies
60s
More to Explore
Quiz From the Vault
Featured Blog Post
14 Easter Pick-up Lines to Find Eggs With
hide this ad
You Might Also Like...
Tags
Movie Resume Quiz
Character
naomi
Naomi Watts
Today's Top Quizzes in Movies
Browse Movies
hide this ad
Today's Top Quizzes in Movie Resume
Browse Movie Resume
Top Contributed Quizzes in Movies
1
Find The 'Big' Movie
2
Find The 'Wild' Movie
3
Find The 'Blue' Movie
4
Movies By Plot
5
Pick 5 Posters: Directed by Spielberg
6
Hidden Star Wars Character II
7
Hidden Star Wars Character III
8
Hidden Star Wars Character IV
9
Alfred Hitchcock Movies by Plot
10
Hidden Star Wars Character V
Explore More
Trending Topics
NBA
Kpop
Disney
Marvel
Harry Potter
Anime
Crossword
The Office
Pokémon
WWE
Song
Country
Soccer
Puzzle
NFL
hide this ad
More By:
JoyceHeinen
Quiz
Plays
Rating
Category
Featured
Created
CSI Trivia
1,786
4.00
Television
Aug 16, 2010
The 300 Greatest Movies of All Time (Empire Magazine)
888
2.40
Movies
Feb 28, 2015
Naomi Watts Movies
567
4.50
Movies
Nov 28, 2009
Ryan Gosling Movies
177
3.00
Movies
Aug 18, 2010
James Franco Movies by Pictures
176
2.67
Movies
Jan 31, 2015
Go to Creator's Profile
Score Distribution
Quiz Creator Spotlight
JoyceHeinen
Follow
Send a Message
Quizzes Created
-
Created Quiz Play Count
-
More By This Creator
Popular Quizzes Today
1
Find the 'City' Movie
2
Colored Red Africa Blitz
3
Find the US States - No Outlines Minefield
4
5x2 Blitz: Bands
5
The Countries of the World
6
Find the US States
7
US States
8
9x9 Crossword: Cartoon Network
More Movies Quizzes
Actors in Crowded 1999 Movie Posters
Quiz Lab
Trending Quizzes
Colored Red Europe Blitz I
Colored Red Africa Blitz II
Colored Red Europe Blitz II
Colored Red Europe Blitz III
Colored Red Africa Blitz III
Recently Updated
Famous TV Couples
Peacemaker
Champions League XIs: Real Madrid
pecheneg
Largest US Cities 1790-2010
pecheneg
Rides in Walt Disney World
pecheneg
Most Oscar Losses (Acting)
pecheneg
Beyoncé Albums
pecheneg
Leaping Animals
pecheneg
Reality TV Shows (A-Z)
bhenderson79
Rickey Henderson's Hall of Fame Teammates
pecheneg
Champions League XIs: Arsenal
pecheneg
Trending Topics
Marvel
Anime
Disney
NBA
Kpop
Harry Potter
Crossword
WWE
Puzzle
Song
NFL
Pokémon
The Office
Country
Soccer
Your Account Isn't Verified!
In order to create a playlist on Sporcle, you need to verify the email address you used during registration. Go to your
Sporcle Settings
to finish the process.
Report this User
Report this user for behavior that violates our
Community Guidelines
.
Details:
Send Report
Go to the Sporcle.com Mobile Site →
Comments